MARC

LEADER 00000nam0a2200000 4500
001 334130
005 20231102004626.0
035 |a (RuTPU)RU\TPU\book\360150 
035 |a RU\TPU\book\286053 
090 |a 334130 
100 |a 20170711d2000 m y0rusy50 ca 
101 0 |a rus 
102 |a RU 
105 |a a j 000zy 
200 1 |a Математика. Вводный курс  |e учебное пособие по математике для студентов-иностранцев  |f Н. И. Зверев, Е. А. Лазарева, М. М. Олесинова 
210 |a Москва  |c Изд-во Московского ун-та  |d 2000 
215 |a 91 с.  |c ил. 
606 |a Математика  |2 stltpush  |3 (RuTPU)RU\TPU\subj\67327  |9 83171 
610 1 |a натуральные числа 
610 1 |a сравнение 
610 1 |a делимость 
610 1 |a дроби 
610 1 |a учебные пособия 
610 1 |a множества 
675 |a 514.116(075.8)  |v 3 
700 1 |a Зверев  |b Н. И.  |g Николай Игоревич 
701 1 |a Лазарева  |b Е. А. 
701 1 |a Олесинова  |b М. М. 
712 0 2 |a Московский государственный университет им. М. В. Ломоносова (МГУ)  |2 stltpush  |3 (RuTPU)RU\TPU\col\7 
801 1 |a RU  |b 63413507  |c 20140605 
801 2 |a RU  |b 63413507  |c 20221213  |g RCR 
942 |c BK